Diálogos

Salvato in:
Dettagli Bibliografici
Autore principale: Platón
Natura: Libro
Lingua:spagnolo
Pubblicazione: Santiago Ercilla 1985
Soggetti:
Tags: Aggiungi Tag
Nessun Tag, puoi essere il primo ad aggiungerne!!

MARC

LEADER 00000nam a22000005a 4500
003 CL-ChBUA
005 20120815091653.0
008 100110s1985 cl ||||| |||| 000 ||spa
040 |a CL-ChBUA  |c CL-ChBUA 
082 0 0 |a 184 
090 |c 27179  |d 27179 
100 1 |a Platón 
245 1 0 |a Diálogos 
260 |a Santiago  |b Ercilla  |c 1985 
300 |a 157 p.  |c 18 cm. 
504 |a índice 
650 4 |a FILOSOFIA PLATONICA 
942 |c LIB 
952 |0 0  |1 0  |2 ddc  |4 0  |6 184_000000000000000_P_718D_1985  |7 0  |9 63874  |a UNACH  |b UNACH  |c 100  |d 2010-01-10  |i 21.641  |l 0  |o 184 / P 718d 1985  |p 65009  |r 2015-11-19 00:00:00  |u 63874  |w 2012-08-08  |y LIB 
999 |c 27179  |d 27179